00314 a2200121 450000100060000008200160000610000140002224500490003626000370008530000110012265000360013374000230016990115 a297.211 UXI aMufti Uxi aTalaash : Allah Mawara ka TayyanbAksi Mufti aLahorebAl-Faisyal Nashranc2012 a552 p. aTalash - Allah Mawara ka Tayiun aallah taala; Allah